Frontières de la Russie - Statistiques

Statistiques générales
  • Ce quiz a été pris 567 fois
  • Le résultat moyen est 12 sur 14
Statistiques - réponses
Km Pays % Correct
4250 Chine
99%
1576 Ukraine
98%
3485 Mongolie
96%
959 Biélorussie
94%
294 Estonie
91%
280 Lituanie
90%
1340 Finlande
89%
232 Lettonie
89%
19 Corée du nord
86%
6846 Kazakhstan
86%
217 Pologne
86%
723 Géorgie
85%
196 Norvège
74%
284 Azerbaidjan
72%
Aucun quiz correspondant
Distribution des résultats
% des personnes avec chaque résultat
Percentile par nombre de réponses
Votre historique - résultats
Vous n’avez pas pris ce quiz